000 00577nam a2200241 a 4500
001 nice12345678
003 IN_TiNIC
005 20260116011841.0
008 050524s1997 teha grp 000 0 per
020 _a
_c100
082 0 0 _a297.7
_bSID2
100 _aSiddiq, Isa
245 _aTarikh-E-Mukhtasar Talim-O-Tarbiyyat
260 _aTehran
_bShirkat Taba Kitab
_c1997
300 _a410p
500 _aincludes index and biblioraphy
505 2 _aIndex
650 _aIslamic-Education
700 1 _aSiddiq, Isa
902 _bSRS
942 _cBK
999 _c4430
_d4430